Politický a stranícky systém SR. Všeobecné predpoklady formovania vízie a stratégie vývoja slovenskej spoločnosti

Slovenská spoločnosť z dlhšieho časového obdobia. Odhad budúceho vývoja. Sociálna mentalita. Historické pozadie hĺbkových charakteristík súčasnosti. Filozofická analýza k vytváraniu sociálneho poriadku. Doba skončenia samozrejmostí. Smer historického vývoja. Základná situácia dneška. Rekontextualizá...

Descripción completa

Guardado en:
Detalles Bibliográficos
Autor principal: Novosád, František
Formato: Capítulo de libro
Lenguaje:eslovaco
Materias:
Etiquetas: Agregar Etiqueta
Sin Etiquetas, Sea el primero en etiquetar este registro!

MARC

LEADER 00000nla$a2200000$$$4500
001 0080507
005 20190730103750.7
041 0 |a slo 
044 |a SK 
245 1 0 |a Politický a stranícky systém SR. Všeobecné predpoklady formovania vízie a stratégie vývoja slovenskej spoločnosti  |c František Novosád 
520 |a Slovenská spoločnosť z dlhšieho časového obdobia. Odhad budúceho vývoja. Sociálna mentalita. Historické pozadie hĺbkových charakteristík súčasnosti. Filozofická analýza k vytváraniu sociálneho poriadku. Doba skončenia samozrejmostí. Smer historického vývoja. Základná situácia dneška. Rekontextualizácia štátnej suverenity. Trendy, ktoré dnes menia povahu spoločnosti: individualizácia a sieťovanie. Štát a spoločnosť. Politické strany a spoločenské organizácie. Ideológie ako návody na rozhodovanie. 
610 2 0 |a spoločnosť 
610 2 0 |a Slovensko 
610 2 0 |a vývoj spoločenský 
610 2 0 |a história 
610 2 0 |a politika 
100 1 |a Novosád, František